[Event "GER-ch U10 Girls"]
[Site "Willingen"]
[Date "2019.06.10"]
[Round "4"]
[White "Engeln, Helene"]
[Black "Orlova, Anna Daria"]
[Result "0-1"]
[WhiteElo "825"]
[BlackElo "1095"]
[PlyCount "62"]
[EventDate "2019.06.08"]
[EventType "swiss"]
[EventRounds "11"]
[EventCountry "GER"]
[SourceTitle "EXT 2020"]
[Source "ChessBase"]
[SourceDate "2019.10.17"]
[SourceVersion "1"]
[SourceVersionDate "2019.10.17"]
[SourceQuality "1"]

1. e4 e5 2. Nf3 Nc6 3. Bc4 Bc5 4. c3 d6 5. d4 Bb6 6. 0-0 Bg4 7. Be3 Nf6 8. Nbd2 Qd7 9. Qa4 a6 10. dxe5 dxe5 11. Bxb6 cxb6 12. h3 Bh5 13. b4 b5 14. Bxb5 0-0 15. Be2 Bxf3 16. Bxf3 Qxd2 17. Rad1 Qxc3 18. Rd6 Qxb4 19. Qd1 Rad8 20. Bh5 Rxd6 21. Qf3 Nxh5 22. Qxh5 Qxe4 23. f3 Qe2 24. Rf2 Rd1+ 25. Rf1 Rxf1+ 26. Kh2 e4 27. Qg5 exf3 28. h4 fxg2 29. Qg3 g1Q+ 30. Kh3 Rf3 31. Qxf3 Qxf3# 0-1

[Event "GER-ch U10 Girls"]
[Site "Willingen"]
[Date "2019.06.10"]
[Round "3"]
[White "Tran, Hanna Emilie Mai Ho"]
[Black "Engeln, Helene"]
[Result "1-0"]
[WhiteElo "1010"]
[BlackElo "825"]
[PlyCount "63"]
[EventDate "2019.06.08"]
[EventType "swiss"]
[EventRounds "11"]
[EventCountry "GER"]
[SourceTitle "EXT 2020"]
[Source "ChessBase"]
[SourceDate "2019.10.17"]
[SourceVersion "1"]
[SourceVersionDate "2019.10.17"]
[SourceQuality "1"]

1. e4 e5 2. Nf3 Nc6 3. Nc3 Nf6 4. Bc4 Bc5 5. a3 d6 6. h3 Be6 7. Bxe6 fxe6 8. 0-0 Qd7 9. d3 d5 10. b4 Bb6 11. Be3 Bxe3 12. fxe3 0-0-0 13. b5 Na5 14. Nxe5 Qd6 15. Nf7 Qg3 16. Rf3 Qh4 17. Qe1 Qh5 18. Nxh8 Rxh8 19. exd5 exd5 20. Qg3 Qh6 21. e4 Rf8 22. e5 d4 23. Nd5 a6 24. exf6 Rf7 25. fxg7 Rxg7 26. Rf8+ Kd7 27. Qxc7+ Ke6 28. Rf6+ Qxf6 29. Qb6+ Kxd5 30. Qxf6 Rc7 31. Qf5+ Kd6 32. Re1 1-0